000 00650nam a22002417a 4500
003 URS
005 20251022142516.0
008 251002b ||||| |||| 00| 0 eng d
020 _a0717285235
040 _cURS
050 _aHD31.15
_b.En19 1985
100 _aBittel, Lester R.
245 _aEncyclopedia of professional management
264 _aNew York
_bMcGraw-Hill
_c©1985
300 _a1304 pages.,:
336 _2rdacontent
_atext
337 _2rdamedia
_aunmediated
338 _2rdacarrier
_avolume
650 0 _aBusiness
_xDictionaries
650 0 _aManagement
_xDictionaries
700 _aBittel, Muriel Albers
942 _2lcc
_cREF
999 _c88059
_d88056